[Event "Targo Mures Open 2019"]
[Site "Targo Mures"]
[Date "2019.10.18"]
[Round "3.1"]
[White "Manea, Alexandru"]
[Black "Istratescu, Andrei"]
[Result "0-1"]
[WhiteElo "2305"]
[BlackElo "2564"]
[Annotator "ChessBase"]
[PlyCount "117"]
[EventDate "2019.03.02"]
[EventType "swiss"]
[EventCountry "ROU"]
[SourceTitle "playchess.com"]
[Source "ChessBase"]
[SourceQuality "1"]
[TimeControl "5400+30"]

1. d4 {[%emt 0:02:30]} d6 {[%emt 0:01:54]} 2. Nf3 {[%emt 0:01:47]} g6 {[%emt 0:01:10]} 3. e4 {[%emt 0:01:25]} Nf6 {[%emt 0:01:22]} 4. Nc3 {[%emt 0:00:10]} Bg7 {[%emt 0:00:04]} 5. Be3 {[%emt 0:00:05]} a6 {[%emt 0:01:29]} 6. h3 {[%emt 0:04:38]} O-O {[%emt 0:01:05]} 7. Bd3 {[%emt 0:12:10]} c6 {[%emt 0:09:23]} 8. Qd2 {[%emt 0:00:17]} b5 {[%emt 0:00:44]} 9. Bh6 {[%emt 0:00:09]} Qc7 {[%emt 0:08:07]} 10. Qg5 {[%emt 0:07:28]} b4 {[%emt 0:01:26]} 11. Ne2 {[%emt 0:00:12]} c5 {[%emt 0:04:46]} 12. dxc5 {[%emt 0:09:56]} Qxc5 {[%emt 0:00:50]} 13. Qxc5 {[%emt 0:00:07]} dxc5 {[%emt 0:00:02]} 14. Bxg7 {[%emt 0:00:07]} Kxg7 {[%emt 0:00:02]} 15. e5 {[%emt 0:02:21]} Nd5 {[%emt 0:01:02]} 16. Be4 {[%emt 0:00:09]} Bb7 {[%emt 0:00:03]} 17. O-O-O {[%emt 0:06:39]} e6 {[%emt 0:02:16]} 18. Nd2 {[%emt 0:19:09]} Nd7 {[%emt 0:06:45]} 19. Nc4 {[%emt 0:00:29]} Rab8 {[%emt 0:00:21]} 20. Rd2 {[%emt 0:01:46]} N5b6 {[%emt 0:05:44]} 21. Bxb7 {[%emt 0:04:39]} Rxb7 {[%emt 0:00:08]} 22. Nxb6 {[%emt 0:01:28]} Nxb6 {[%emt 0:00:04]} 23. b3 {[%emt 0:01:37]} a5 {[%emt 0:02:02]} 24. c4 {[%emt 0:00:07]} bxc3 {[%emt 0:00:19]} 25. Nxc3 {[%emt 0:00:06]} c4 {[%emt 0:00:02]} 26. Rb2 {[%emt 0:06:11]} cxb3 {[%emt 0:01:18]} 27. Rxb3 {[%emt 0:00:01]} Rc7 {[%emt 0:01:42]} 28. Rxb6 {[%emt 0:00:28]} Rxc3+ {[%emt 0:00:03]} 29. Kb1 {[%emt 0:00:05]} Rfc8 {[%emt 0:03:09]} 30. Rb3 {[%emt 0:01:06]} R3c5 {[%emt 0:00:31]} 31. Re1 {[%emt 0:00:16]} a4 {[%emt 0:00:40]} 32. Rb2 {[%emt 0:07:04]} a3 {[%emt 0:04:21]} 33. Rb3 {[%emt 0:00:32]} Rc2 {[%emt 0:00:08]} 34. Rf1 {[%emt 0:02:06]} Re2 {[%emt 0:00:44]} 35. Rxa3 {[%emt 0:00:04]} Rxe5 {[%emt 0:04:59]} 36. Rb3 {[%emt 0:00:14]} h5 {[%emt 0:01:25]} 37. a3 {[%emt 0:00:24]} h4 {[%emt 0:01:06]} 38. Rc1 {[%emt 0:00:36]} Ra8 {[%emt 0:01:55]} 39. Rc4 {[%emt 0:00:59]} Rg5 {[%emt 0:01:15]} 40. Rg4 {[%emt 0:01:29]} Rxg4 {[%emt 0:01:56]} 41. hxg4 {[%emt 0:00:02]} Ra4 {[%emt 0:02:57]} 42. f3 {[%emt 0:00:13]} e5 {[%emt 0:00:25]} 43. Re3 {[%emt 0:01:45]} e4 {[%emt 0:05:10]} 44. fxe4 {[%emt 0:00:07]} Kh6 {[%emt 0:00:04]} 45. Kb2 {[%emt 0:00:46]} Kg5 {[%emt 0:00:04]} 46. Kb3 {[%emt 0:00:03]} Ra7 {[%emt 0:00:21]} 47. a4 {[%emt 0:00:16]} Kxg4 {[%emt 0:00:13]} 48. Rf3 {[%emt 0:01:22]} g5 {[%emt 0:01:29]} 49. e5 {[%emt 0:07:27]} Ra5 {[%emt 0:01:13]} 50. Rxf7 {[%emt 0:00:07]} Rxe5 {[%emt 0:02:15]} 51. Rf2 {[%emt 0:00:53]} Kg3 {[%emt 0:00:13]} 52. Ra2 {[%emt 0:00:05]} g4 {[%emt 0:00:05]} 53. Kb4 {[%emt 0:00:07]} h3 {[%emt 0:06:01]} 54. gxh3 {[%emt 0:00:02]} gxh3 {[%emt 0:00:04]} 55. a5 {[%emt 0:00:06]} h2 {[%emt 0:00:08]} 56. Rxh2 {[%emt 0:00:06]} Kxh2 {[%emt 0:00:04]} 57. a6 {[%emt 0:00:03]} Re6 {[%emt 0:00:10]} 58. Kb5 {[%emt 0:00:05]} Rxa6 {[%emt 0:00:03]} 59. Kxa6 {[%emt 0:00:01]} 0-1

[Event "Targo Mures Open 2019"]
[Site "Targo Mures"]
[Date "2019.10.18"]
[Round "3.2"]
[White "Manolache, Marius"]
[Black "Petre, Nad-Titus"]
[Result "1-0"]
[WhiteElo "2548"]
[BlackElo "2306"]
[Annotator "ChessBase"]
[PlyCount "87"]
[EventDate "2019.03.02"]
[EventType "swiss"]
[EventCountry "ROU"]
[SourceTitle "playchess.com"]
[Source "ChessBase"]
[SourceQuality "1"]
[TimeControl "5400+30"]

1. d4 {[%emt 0:00:00]} Nf6 {[%emt 0:00:00]} 2. Bf4 {[%emt 0:00:48]} b6 {[%emt 0:00:01]} 3. Nc3 {[%emt 0:01:23]} Bb7 {[%emt 0:01:02]} 4. e3 {[%emt 0:04:05]} e6 {[%emt 0:03:32]} 5. a3 {[%emt 0:03:04]} Be7 {[%emt 0:02:49]} 6. Nf3 {[%emt 0:01:28]} O-O {[%emt 0:07:01]} 7. Bd3 {[%emt 0:06:38]} c5 {[%emt 0:06:50]} 8. Ng5 {[%emt 0:08:21]} d6 {[%emt 0:10:53]} 9. Qe2 {[%emt 0:08:33]} Nbd7 {[%emt 0:08:19]} 10. Rd1 {[%emt 0:10:55]} a6 {[%emt 0:03:56]} 11. dxc5 {[%emt 0:04:57]} Nxc5 {[%emt 0:04:11]} 12. e4 {[%emt 0:06:45]} e5 {[%emt 0:05:46]} 13. Bc1 {[%emt 0:06:59]} h6 {[%emt 0:11:08]} 14. Nf3 {[%emt 0:00:13]} Qc8 {[%emt 0:00:33]} 15. O-O {[%emt 0:01:59]} Bc6 {[%emt 0:07:42]} 16. b4 {[%emt 0:07:17]} Nxd3 {[%emt 0:00:20]} 17. cxd3 {[%emt 0:00:20]} Bd7 {[%emt 0:00:50]} 18. Bb2 {[%emt 0:00:32]} Bg4 {[%emt 0:00:58]} 19. h3 {[%emt 0:01:46]} Bh5 {[%emt 0:03:52]} 20. Qe3 {[%emt 0:04:42]} b5 {[%emt 0:01:20]} 21. d4 {[%emt 0:02:07]} exd4 {[%emt 0:07:22]} 22. Rxd4 {[%emt 0:00:11]} Re8 {[%emt 0:00:41]} 23. Nh4 {[%emt 0:05:20]} Qe6 {[%emt 0:07:23]} 24. Nf5 {[%emt 0:06:28]} Bf8 {[%emt 0:00:54]} 25. Qf4 {[%emt 0:03:14]} Rad8 {[%emt 0:00:47]} 26. g4 {[%emt 0:01:37]} Bg6 {[%emt 0:00:13]} 27. Rfd1 {[%emt 0:00:45]} Qb3 {[%emt 0:01:23]} 28. R1d2 {[%emt 0:00:24]} Rc8 {[%emt 0:00:23]} 29. R4d3 {[%emt 0:00:50]} Qc4 {[%emt 0:00:32]} 30. Ne3 {[%emt 0:01:21]} Qe6 {[%emt 0:00:44]} 31. f3 {[%emt 0:00:24]} Nd7 {[%emt 0:00:32]} 32. Ncd5 {[%emt 0:00:58]} Ne5 {[%emt 0:00:30]} 33. Rc3 {[%emt 0:00:19]} Rxc3 {[%emt 0:00:21]} 34. Bxc3 {[%emt 0:00:18]} Rc8 {[%emt 0:00:10]} 35. Nf5 {[%emt 0:01:37]} f6 {[%emt 0:01:42]} 36. Kg2 {[%emt 0:00:37]} Bf7 {[%emt 0:01:10]} 37. Bd4 {[%emt 0:00:28]} Kh7 {[%emt 0:01:31]} 38. Re2 {[%emt 0:00:28]} Rc4 {[%emt 0:00:37]} 39. Qd2 {[%emt 0:00:20]} Rc6 {[%emt 0:00:41]} 40. f4 {[%emt 0:00:18]} Nc4 {[%emt 0:00:16]} 41. Qd3 {[%emt 0:00:08]} Bg6 {[%emt 0:00:51]} 42. Nxg7 {[%emt 0:00:41]} Qxd5 {[%emt 0:00:36]} 43. exd5 {[%emt 0:00:11]} Bxd3 {[%emt 0:00:12]} 44. dxc6 {[%emt 0:00:05]} 1-0

[Event "Targo Mures Open 2019"]
[Site "Targo Mures"]
[Date "2019.10.18"]
[Round "3.3"]
[White "Daianu, Cristian-Clement"]
[Black "Jianu, Vlad-Cristian"]
[Result "0-1"]
[WhiteElo "2206"]
[BlackElo "2529"]
[Annotator "ChessBase"]
[PlyCount "98"]
[EventDate "2019.03.02"]
[EventType "swiss"]
[EventCountry "ROU"]
[SourceTitle "playchess.com"]
[Source "ChessBase"]
[SourceQuality "1"]
[TimeControl "5400+30"]

1. e4 {[%emt 0:11:53]} c5 {[%emt 0:00:00]} 2. Nf3 {[%emt 0:00:11]} Nc6 {[%emt 0:00:00]} 3. d4 {[%emt 0:00:07]} cxd4 {[%emt 0:00:00]} 4. Nxd4 {[%emt 0:00:03]} Nf6 {[%emt 0:00:00]} 5. Nc3 {[%emt 0:00:03]} e5 {[%emt 0:00:00]} 6. Ndb5 {[%emt 0:01:08]} d6 {[%emt 0:00:00]} 7. Bg5 {[%emt 0:00:14]} a6 {[%emt 0:00:07]} 8. Na3 {[%emt 0:00:05]} b5 {[%emt 0:00:04]} 9. Bxf6 {[%emt 0:00:28]} gxf6 {[%emt 0:00:07]} 10. Nd5 {[%emt 0:00:04]} f5 {[%emt 0:00:08]} 11. c3 {[%emt 0:03:04]} Bg7 {[%emt 0:01:29]} 12. exf5 {[%emt 0:02:11]} Bxf5 {[%emt 0:00:25]} 13. Nc2 {[%emt 0:00:10]} O-O {[%emt 0:00:25]} 14. Nce3 {[%emt 0:00:29]} Be6 {[%emt 0:00:07]} 15. g3 {[%emt 0:00:12]} f5 {[%emt 0:06:56]} 16. Qh5 {[%emt 0:01:25]} Ra7 {[%emt 0:01:19]} 17. Bg2 {[%emt 0:04:12]} Kh8 {[%emt 0:12:49]} 18. O-O {[%emt 0:10:23]} Raf7 {[%emt 0:00:56]} 19. Rad1 {[%emt 0:04:15]} Ne7 {[%emt 0:08:01]} 20. Rd2 {[%emt 0:18:27]} Ng6 {[%emt 0:06:38]} 21. Rfd1 {[%emt 0:02:09]} e4 {[%emt 0:09:08]} 22. Nb4 {[%emt 0:10:33]} Be5 {[%emt 0:02:37]} 23. Nc6 {[%emt 0:09:13]} Qc8 {[%emt 0:01:08]} 24. Nxe5 {[%emt 0:00:10]} dxe5 {[%emt 0:00:04]} 25. Qg5 {[%emt 0:10:39]} f4 {[%emt 0:04:10]} 26. Rd8 {[%emt 0:05:10]} Qc7 {[%emt 0:02:05]} 27. Rxf8+ {[%emt 0:02:50]} Rxf8 {[%emt 0:00:09]} 28. Ng4 {[%emt 0:02:07]} e3 {[%emt 0:09:20]} 29. fxe3 {[%emt 0:01:14]} Qb6 {[%emt 0:07:36]} 30. gxf4 {[%emt 0:01:12]} Bxg4 {[%emt 0:00:16]} 31. Qxg4 {[%emt 0:00:04]} Qxe3+ {[%emt 0:01:34]} 32. Kh1 {[%emt 0:00:03]} exf4 {[%emt 0:04:56]} 33. Qf3 {[%emt 0:00:11]} Re8 {[%emt 0:07:37]} 34. Qc6 {[%emt 0:01:15]} Kg7 {[%emt 0:01:34]} 35. h3 {[%emt 0:00:19]} Re6 {[%emt 0:01:16]} 36. Qd5 {[%emt 0:01:01]} Kh6 {[%emt 0:02:15]} 37. Bf3 {[%emt 0:00:39]} Re5 {[%emt 0:00:45]} 38. Qc6 {[%emt 0:00:09]} Qf2 {[%emt 0:01:54]} 39. Bg2 {[%emt 0:00:55]} Qxb2 {[%emt 0:03:06]} 40. Rf1 {[%emt 0:00:24]} Re2 {[%emt 0:02:04]} 41. h4 {[%emt 0:00:24]} Rf2 {[%emt 0:01:12]} 42. h5 {[%emt 0:00:36]} Rxf1+ {[%emt 0:00:19]} 43. Bxf1 {[%emt 0:00:01]} Qf2 {[%emt 0:00:38]} 44. Bg2 {[%emt 0:00:51]} Kxh5 {[%emt 0:00:31]} 45. Qxa6 {[%emt 0:00:17]} Qe1+ {[%emt 0:01:29]} 46. Kh2 {[%emt 0:00:05]} Qg3+ {[%emt 0:00:03]} 47. Kh1 {[%emt 0:00:09]} f3 {[%emt 0:00:38]} 48. Qxb5+ {[%emt 0:00:05]} Kh6 {[%emt 0:00:08]} 49. Bf1 {[%emt 0:00:10]} f2 {[%emt 0:00:32]} 0-1

[Event "Targo Mures Open 2019"]
[Site "Targo Mures"]
[Date "2019.10.18"]
[Round "3.4"]
[White "Anton, Teodor"]
[Black "Ognean, Mihnea-Ionut"]
[Result "1/2-1/2"]
[WhiteElo "2445"]
[BlackElo "2285"]
[Annotator "NA"]
[PlyCount "89"]
[EventDate "2019.03.02"]
[EventType "swiss"]
[EventCountry "ROU"]
[SourceTitle "playchess.com"]
[Source "ChessBase"]
[SourceQuality "1"]
[TimeControl "5400+30"]

1. d4 {[%emt 0:00:00]} Nf6 {[%emt 0:00:00]} 2. Nf3 {[%emt 0:00:02]} e6 {[%emt 0:00:00]} 3. c4 {[%emt 0:03:10]} d5 {[%emt 0:00:11]} 4. g3 {[%emt 0:00:09]} dxc4 {[%emt 0:00:09]} 5. Bg2 {[%emt 0:00:51]} c5 {[%emt 0:00:06]} 6. O-O {[%emt 0:05:36]} Nc6 {[%emt 0:00:09]} 7. Qa4 {[%emt 0:09:32]} Bd7 {[%emt 0:01:18]} 8. dxc5 {[%emt 0:01:41]} Na5 {[%emt 0:06:55]} 9. Qc2 {[%emt 0:03:06]} Bxc5 {[%emt 0:01:17]} 10. Ne5 {[%emt 0:03:04]} Rc8 {[%emt 0:01:25]} 11. Nxd7 {[%emt 0:03:20]} Nxd7 {[%emt 0:01:36]} 12. Bd2 {[%emt 0:01:56]} O-O {[%emt 0:04:18]} 13. Nc3 {[%emt 0:11:10]} a6 {[%emt 0:07:09]} 14. Ne4 {[%emt 0:03:15]} b5 {[%emt 0:00:47]} 15. Rad1 {[%emt 0:03:25]} Nc6 $11 {[%emt 0:04:53]} 16. Bc3 {[%emt 0:26:02]} Nb4 {[%emt 0:05:57]} 17. Qd2 {[%emt 0:05:07]} Nd5 {[%emt 0:00:09]} 18. Nxc5 {[%emt 0:01:09]} Rxc5 {[%emt 0:06:25]} 19. Ba5 {[%emt 0:01:09]} c3 {[%emt 0:06:19]} 20. Bxd8 {[%emt 0:03:24]} cxd2 {[%emt 0:00:05]} 21. Bg5 {[%emt 0:00:28]} Nc3 {[%emt 0:16:30]} 22. bxc3 {[%emt 0:00:25]} Rxg5 {[%emt 0:00:04]} 23. Rxd2 {[%emt 0:00:05]} Nb8 {[%emt 0:00:21]} 24. Rd6 {[%emt 0:03:58]} Rc5 {[%emt 0:00:48]} 25. Rc1 {[%emt 0:00:04]} g5 {[%emt 0:01:07]} 26. a3 {[%emt 0:04:10]} Kg7 {[%emt 0:00:59]} 27. Bb7 {[%emt 0:00:51]} a5 {[%emt 0:00:23]} 28. Be4 {[%emt 0:00:54]} Rfc8 {[%emt 0:01:14]} 29. Bd3 {[%emt 0:00:42]} b4 {[%emt 0:01:01]} 30. axb4 {[%emt 0:00:17]} axb4 {[%emt 0:00:04]} 31. c4 {[%emt 0:00:15]} Nc6 {[%emt 0:00:43]} 32. Rb1 {[%emt 0:00:44]} Rb8 {[%emt 0:01:00]} 33. f4 {[%emt 0:00:24]} gxf4 {[%emt 0:03:04]} 34. gxf4 {[%emt 0:00:04]} b3 {[%emt 0:00:13]} 35. Kf2 {[%emt 0:02:07]} b2 {[%emt 0:05:44]} 36. Ke3 {[%emt 0:00:55]} Kf6 {[%emt 0:00:09]} 37. Rd7 {[%emt 0:00:55]} Rh5 {[%emt 0:01:06]} 38. Rc7 {[%emt 0:00:19]} Ne7 {[%emt 0:01:06]} 39. Ra7 {[%emt 0:01:31]} Rh3+ {[%emt 0:06:20]} 40. Kd2 {[%emt 0:00:13]} Rxh2 {[%emt 0:00:48]} 41. Ra2 {[%emt 0:00:49]} Ng6 {[%emt 0:00:57]} 42. f5 {[%emt 0:00:21]} Ne5 {[%emt 0:02:31]} 43. fxe6 {[%emt 0:00:32]} fxe6 {[%emt 0:01:46]} 44. Raxb2 {[%emt 0:00:41]} Rxb2+ {[%emt 0:00:15]} 45. Rxb2 {[%emt 0:00:09]} 1/2-1/2

[Event "Targo Mures Open 2019"]
[Site "Targo Mures"]
[Date "2019.10.18"]
[Round "3.5"]
[White "Rusan, Paul-Cristian"]
[Black "Filip, Lucian-Ioan"]
[Result "0-1"]
[WhiteElo "2105"]
[BlackElo "2418"]
[Annotator "NA"]
[PlyCount "86"]
[EventDate "2019.03.02"]
[EventType "swiss"]
[EventCountry "ROU"]
[SourceTitle "playchess.com"]
[Source "ChessBase"]
[SourceQuality "1"]
[TimeControl "5400+30"]

1. e4 {[%emt 0:00:00]} c5 {[%emt 0:00:00]} 2. Nf3 {[%emt 0:00:22]} Nc6 {[%emt 0:00:00]} 3. Bb5 {[%emt 0:00:26]} Nf6 {[%emt 0:00:00]} 4. Nc3 {[%emt 0:00:53]} Qc7 {[%emt 0:00:00]} 5. O-O {[%emt 0:00:52]} Nd4 {[%emt 0:00:08]} 6. d3 {[%emt 0:04:17]} a6 {[%emt 0:15:04]} 7. Bc4 {[%emt 0:05:44]} e6 {[%emt 0:00:49]} 8. Nxd4 {[%emt 0:01:33]} cxd4 {[%emt 0:00:05]} 9. Ne2 {[%emt 0:00:33]} Nxe4 {[%emt 0:23:47]} 10. Bf4 {[%emt 0:22:19]} Nd6 $11 {[%emt 0:09:56]} 11. Bb3 {[%emt 0:04:54]} Qc5 {[%emt 0:01:13]} 12. c3 {[%emt 0:01:22]} dxc3 {[%emt 0:02:47]} 13. bxc3 {[%emt 0:01:15]} Be7 {[%emt 0:04:08]} 14. d4 {[%emt 0:02:37]} Qh5 {[%emt 0:01:43]} 15. f3 {[%emt 0:06:23]} b5 {[%emt 0:06:09]} 16. a4 {[%emt 0:03:06]} Bb7 {[%emt 0:00:11]} 17. axb5 {[%emt 0:00:27]} axb5 {[%emt 0:01:32]} 18. Rxa8+ {[%emt 0:00:12]} Bxa8 {[%emt 0:00:02]} 19. Qa1 {[%emt 0:18:12]} O-O {[%emt 0:18:43]} 20. Re1 {[%emt 0:12:24]} Nc4 {[%emt 0:02:18]} 21. Qa7 {[%emt 0:06:18]} Qd5 {[%emt 0:06:31]} 22. Ng3 {[%emt 0:01:28]} Bb7 {[%emt 0:01:16]} 23. Re5 {[%emt 0:02:20]} Qc6 {[%emt 0:00:53]} 24. Nf5 {[%emt 0:00:46]} Bf6 {[%emt 0:01:59]} 25. Rc5 {[%emt 0:00:51]} Ra8 {[%emt 0:01:14]} 26. Rxc6 {[%emt 0:01:18]} Rxa7 {[%emt 0:00:03]} 27. Rc7 {[%emt 0:00:11]} exf5 {[%emt 0:00:10]} 28. Rxd7 {[%emt 0:01:18]} g5 {[%emt 0:00:35]} 29. Bb8 {[%emt 0:00:15]} Ra1+ {[%emt 0:00:08]} 30. Kf2 {[%emt 0:00:06]} Rb1 {[%emt 0:02:10]} 31. Rxb7 {[%emt 0:01:47]} Rxb3 {[%emt 0:00:07]} 32. d5 {[%emt 0:00:39]} Rb2+ {[%emt 0:00:19]} 33. Ke1 {[%emt 0:00:49]} Bxc3+ {[%emt 0:00:29]} 34. Kd1 {[%emt 0:00:20]} Ne3+ {[%emt 0:00:56]} 35. Kc1 {[%emt 0:00:13]} Rxg2 {[%emt 0:00:41]} 36. Kb1 {[%emt 0:00:42]} Rb2+ {[%emt 0:00:23]} 37. Kc1 {[%emt 0:00:31]} Rd2 {[%emt 0:00:35]} 38. Kb1 {[%emt 0:00:30]} Rxd5 {[%emt 0:00:32]} 39. Ba7 {[%emt 0:00:24]} f4 {[%emt 0:00:19]} 40. Ka2 {[%emt 0:00:29]} b4 {[%emt 0:00:16]} 41. Kb3 {[%emt 0:00:17]} Ra5 {[%emt 0:00:09]} 42. Bxe3 {[%emt 0:00:19]} fxe3 {[%emt 0:00:03]} 43. Re7 {[%emt 0:00:17]} Re5 {[%emt 0:00:05]} 0-1

[Event "Targo Mures Open 2019"]
[Site "Targo Mures"]
[Date "2019.10.18"]
[Round "3.6"]
[White "Soltanici, Ruslan"]
[Black "Titu, Maiorescu-Dorin"]
[Result "1-0"]
[WhiteElo "2416"]
[BlackElo "2147"]
[Annotator "NA RC"]
[PlyCount "103"]
[EventDate "2019.03.02"]
[EventType "swiss"]
[EventCountry "ROU"]
[SourceTitle "playchess.com"]
[Source "ChessBase"]
[SourceQuality "1"]
[TimeControl "5400+30"]

1. e4 {[%emt 0:00:00]} d5 {[%emt 0:00:00]} 2. exd5 {[%emt 0:00:00]} Nf6 {[%emt 0:00:00]} 3. d4 {[%emt 0:04:44]} Nxd5 {[%emt 0:00:05]} 4. c4 {[%emt 0:03:47]} Nb6 {[%emt 0:00:40]} 5. Nf3 {[%emt 0:01:25]} g6 {[%emt 0:00:23]} 6. Nc3 {[%emt 0:04:05]} Bg7 {[%emt 0:00:56]} 7. c5 {[%emt 0:01:31]} Nd5 {[%emt 0:01:05]} 8. Bc4 {[%emt 0:00:31]} Nxc3 {[%emt 0:01:07]} 9. bxc3 {[%emt 0:00:29]} O-O {[%emt 0:00:19]} 10. O-O {[%emt 0:00:37]} Nc6 {[%emt 0:04:58]} 11. Re1 {[%emt 0:02:58]} Na5 {[%emt 0:04:03]} 12. Bf1 {[%emt 0:06:56]} b6 {[%emt 0:01:35]} 13. Ba3 {[%emt 0:03:29]} Bf6 {[%emt 0:06:11]} 14. Ne5 {[%emt 0:07:58]} Be6 $16 {[%emt 0:15:51]} 15. Qc2 {[%emt 0:33:08]} c6 {[%emt 0:21:31]} 16. Bb4 {[%emt 0:08:44]} Bxe5 {[%emt 0:00:51]} 17. Rxe5 {[%emt 0:00:06]} b5 {[%emt 0:00:38]} 18. Bxa5 {[%emt 0:04:23]} Qxa5 {[%emt 0:00:39]} 19. g3 {[%emt 0:08:02]} Qc7 {[%emt 0:02:07]} 20. Rae1 {[%emt 0:00:35]} Rad8 {[%emt 0:06:13]} 21. Bg2 {[%emt 0:00:48]} Qd7 {[%emt 0:14:40]} 22. h4 {[%emt 0:00:51]} Rde8 {[%emt 0:01:17]} 23. a4 {[%emt 0:05:19]} Bc4 {[%emt 0:01:06]} 24. axb5 {[%emt 0:00:45]} cxb5 {[%emt 0:00:08]} 25. Ra1 {[%emt 0:00:40]} f6 {[%emt 0:02:09]} 26. Re3 {[%emt 0:00:34]} e6 {[%emt 0:00:11]} 27. Ra6 {[%emt 0:00:24]} Qc7 {[%emt 0:02:06]} 28. Re1 {[%emt 0:00:15]} Re7 {[%emt 0:02:54]} 29. Rea1 {[%emt 0:00:09]} Qb8 {[%emt 0:00:25]} 30. Qb2 {[%emt 0:00:33]} Kg7 {[%emt 0:01:08]} 31. Qb4 {[%emt 0:00:23]} Rff7 {[%emt 0:00:45]} 32. Rd6 {[%emt 0:01:15]} e5 {[%emt 0:01:51]} 33. Bd5 {[%emt 0:00:33]} Bxd5 {[%emt 0:00:19]} 34. Rxd5 {[%emt 0:00:01]} exd4 {[%emt 0:02:31]} 35. cxd4 {[%emt 0:00:09]} Qb7 {[%emt 0:01:02]} 36. Qb3 {[%emt 0:01:00]} Re2 {[%emt 0:01:15]} 37. Rd6 {[%emt 0:00:51]} Qe4 {[%emt 0:00:58]} 38. Qd5 {[%emt 0:00:13]} Qg4 {[%emt 0:03:56]} 39. c6 {[%emt 0:00:13]} Rfe7 {[%emt 0:00:56]} 40. Rd7 {[%emt 0:00:22]} Kh6 {[%emt 0:00:00]} 41. Rxe7 {[%emt 0:01:01]} Rxe7 {[%emt 0:00:02]} 42. Qd6 {[%emt 0:00:25]} Re6 {[%emt 0:01:18]} 43. Qf8+ {[%emt 0:00:35]} Kh5 {[%emt 0:00:02]} 44. Qc5+ {[%emt 0:00:27]} Kh6 {[%emt 0:00:24]} 45. c7 {[%emt 0:00:36]} Re8 {[%emt 0:00:01]} 46. d5 {[%emt 0:00:34]} b4 {[%emt 0:00:29]} 47. Rc1 {[%emt 0:00:19]} Rc8 {[%emt 0:00:40]} 48. d6 {[%emt 0:00:11]} b3 {[%emt 0:00:08]} 49. Qe3+ {[%emt 0:00:12]} Kg7 {[%emt 0:00:32]} 50. Qxb3 {[%emt 0:00:12]} Qd7 {[%emt 0:00:11]} 51. Qb8 {[%emt 0:00:47]} a5 {[%emt 0:00:16]} 52. Qxc8 {[%emt 0:00:17]} 1-0

[Event "Targo Mures Open 2019"]
[Site "Targo Mures"]
[Date "2019.10.18"]
[Round "3.7"]
[White "Botea, David-Alexandru"]
[Black "Vasiesiu, Dan"]
[Result "0-1"]
[WhiteElo "1958"]
[BlackElo "2392"]
[Annotator "NA"]
[PlyCount "88"]
[EventDate "2019.03.02"]
[EventType "swiss"]
[EventCountry "ROU"]
[SourceTitle "playchess.com"]
[Source "ChessBase"]
[SourceQuality "1"]
[TimeControl "5400+30"]

1. e4 {[%emt 0:00:00]} c5 {[%emt 0:00:00]} 2. Nf3 {[%emt 0:00:00]} d6 {[%emt 0:00:05]} 3. d4 {[%emt 0:00:00]} cxd4 {[%emt 0:00:06]} 4. Nxd4 {[%emt 0:00:00]} Nf6 {[%emt 0:00:08]} 5. Nc3 {[%emt 0:00:05]} a6 {[%emt 0:00:08]} 6. Be3 {[%emt 0:00:08]} e5 {[%emt 0:00:55]} 7. Nb3 {[%emt 0:00:09]} Be6 {[%emt 0:00:09]} 8. f3 {[%emt 0:00:08]} h5 {[%emt 0:00:31]} 9. Nd5 {[%emt 0:00:29] B90: Sicilian Najdorf: Unusual White 6th moves, 6 Be3 Ng4 and 6 Be3 e5} Bxd5 {[%emt 0:00:46]} 10. exd5 {[%emt 0:00:12]} Nbd7 {[%emt 0:00:20]} 11. Qd2 {[%emt 0:00:35]} g6 {[%emt 0:00:44]} 12. Be2 {[%emt 0:00:43]} Bg7 {[%emt 0:01:04]} 13. O-O {[%emt 0:00:11]} b6 {[%emt 0:03:36] [#]} 14. Rac1 $146 {[%emt 0:00:24]} ({Predecessor:} 14. c4 O-O {0-1 (42) Vocaturo,D (2570)-Areshchenko,A (2661) Germany 2015}) 14... O-O {[%emt 0:00:54]} 15. c4 {[%emt 0:00:11]} Re8 {[%emt 0:02:40]} 16. Na1 {[%emt 0:00:28]} e4 {[%emt 0:07:28]} 17. f4 {[%emt 0:00:15]} Ng4 {[%emt 0:01:12]} 18. Bxg4 {[%emt 0:02:17]} hxg4 {[%emt 0:00:13]} 19. b3 {[%emt 0:01:25]} Qh4 {[%emt 0:14:02]} 20. Nc2 {[%emt 0:07:41]} Nc5 {[%emt 0:15:55]} 21. g3 {[%emt 0:03:18]} Qh8 {[%emt 0:01:47]} 22. Nb4 {[%emt 0:01:13]} f5 {[%emt 0:06:03]} 23. Nc6 {[%emt 0:04:31]} Nd3 $11 {[%emt 0:00:49]} 24. Rc2 {[%emt 0:00:13]} b5 {[%emt 0:00:57]} 25. Qa5 {[%emt 0:06:03]} b4 {[%emt 0:17:58]} 26. Qc7 {[%emt 0:27:45]} Bf8 {[%emt 0:00:35]} 27. Bd4 {[%emt 0:12:40]} Qh7 {[%emt 0:00:30]} 28. Qxh7+ {[%emt 0:01:33]} Kxh7 {[%emt 0:00:02]} 29. Bb6 {[%emt 0:12:14]} a5 {[%emt 0:05:53]} 30. Bxa5 {[%emt 0:02:09]} Ra6 {[%emt 0:00:13]} 31. Rd2 {[%emt 0:10:43]} Rea8 {[%emt 0:02:40]} 32. Bxb4 {[%emt 0:00:45]} Rxc6 {[%emt 0:01:09]} 33. dxc6 {[%emt 0:00:18]} Nxb4 {[%emt 0:00:09]} 34. c7 {[%emt 0:01:06]} Rc8 {[%emt 0:00:57]} 35. a3 {[%emt 0:02:55]} Nd3 {[%emt 0:00:11]} 36. Rxd3 {[%emt 0:00:29]} exd3 {[%emt 0:00:09]} 37. Rd1 {[%emt 0:00:07]} Rxc7 {[%emt 0:00:47]} 38. Rxd3 {[%emt 0:00:05]} Kg8 {[%emt 0:01:59]} 39. Kf1 {[%emt 0:00:52]} Kf7 {[%emt 0:00:20]} 40. Ke2 {[%emt 0:00:22]} Ke6 {[%emt 0:00:18]} 41. Kd1 {[%emt 0:00:30]} Rc5 {[%emt 0:03:08]} 42. Kc2 {[%emt 0:00:56]} d5 {[%emt 0:00:35]} 43. Kc3 {[%emt 0:00:14]} dxc4 {[%emt 0:04:11]} 44. bxc4 {[%emt 0:00:03]} Ra5 {[%emt 0:01:06]} 0-1

[Event "Targo Mures Open 2019"]
[Site "Targo Mures"]
[Date "2019.10.18"]
[Round "3.8"]
[White "Banzea, Alexandru-Bogdan"]
[Black "Filip, Andrei"]
[Result "1-0"]
[WhiteElo "2389"]
[BlackElo "2047"]
[Annotator "NA"]
[PlyCount "47"]
[EventDate "2019.03.02"]
[EventType "swiss"]
[EventCountry "ROU"]
[SourceTitle "playchess.com"]
[Source "ChessBase"]
[SourceQuality "1"]
[TimeControl "5400+30"]

1. e4 {[%emt 0:05:31]} c5 {[%emt 0:00:00]} 2. Nf3 {[%emt 0:00:06]} e6 {[%emt 0:00:00]} 3. g3 {[%emt 0:00:10]} Nc6 {[%emt 0:01:30]} 4. Bg2 {[%emt 0:00:16]} g6 {[%emt 0:10:00]} 5. d4 {[%emt 0:00:32]} cxd4 {[%emt 0:23:05]} 6. Nxd4 {[%emt 0:00:08]} a6 {[%emt 0:02:00]} 7. O-O {[%emt 0:00:56]} Bg7 {[%emt 0:01:36]} 8. Nxc6 {[%emt 0:00:31]} dxc6 {[%emt 0:01:12]} 9. Qe2 {[%emt 0:03:16]} Ne7 {[%emt 0:01:27]} 10. Nd2 {[%emt 0:00:59]} O-O {[%emt 0:01:19]} 11. a4 {[%emt 0:01:47]} a5 {[%emt 0:05:21]} 12. e5 {[%emt 0:02:36]} b6 {[%emt 0:01:26]} 13. Re1 {[%emt 0:08:27]} Ba6 {[%emt 0:02:37]} 14. Qe4 {[%emt 0:00:35]} Qc7 {[%emt 0:02:44]} 15. Nf3 $11 {[%emt 0:03:02]} Rad8 {[%emt 0:08:37]} 16. h4 {[%emt 0:05:11]} h5 {[%emt 0:04:03]} 17. g4 {[%emt 0:02:06]} hxg4 {[%emt 0:13:35]} 18. Qxg4 {[%emt 0:00:19]} Nf5 {[%emt 0:00:52]} 19. h5 {[%emt 0:01:15]} gxh5 {[%emt 0:02:51]} 20. Qxh5 {[%emt 0:00:45]} Nd4 {[%emt 0:09:26]} 21. Ng5 {[%emt 0:05:31]} Rfe8 {[%emt 0:01:04]} 22. Bf4 {[%emt 0:06:09]} c5 {[%emt 0:04:44]} 23. Ra3 {[%emt 0:05:20]} Bb7 {[%emt 0:01:21]} 24. Ne4 {[%emt 0:01:45]} 1-0